Datum a čas kvízu
23
Celkem bodů
Celkový počet nahraných bodů na tomto kvízu bez doplňovacích otázek.
6.
Pořadí na kvízu
Konečné umístění týmu na tomto kvízu.
Zaznamenané odpovědi
| # | Otázka | Odpověď | Body | Výsledky |
|---|---|---|---|---|
| 1. | Kardiochirurgické centrum Faku... | spalničky | 1 | |
| 2. | Dosavadní japonský císař Akihi... | Naruhito | 0 | |
| 3. | Jak se jmenuje muž, který byl... | Milan Rastislav Štefánik | 1 | |
| 4. | Vedení jisté evropské metropol... | Amsterdam | 1 | |
| 5. | Slovenský výrobce minerální vo... | Deutschland, Deutschland über alles (Německo, Německo nade vše) | 0 | |
| 6. | Jelikož minulý týden uplynulo... | Polsko | 1 | |
| 7. | V celkem kolika státech EU (vč... | v sedmi státech | 0.5 | |
| 8. | Která ze členských zemí EU má... | Švédsko | 0 | |
| 9. | Které tři státy EU mají nejmen... | Kypr, Lucembursko, Malta | 0 | |
| 10. | V roce 1986 rozšířily Evropská... | Španělsko a Portugalsko | 1 |